Quiz On 2025-26 NBA Regular Season - Statistics

General Stats
  • This quiz has been taken 38 times
  • The average score is 8 of 15
Answer Stats
Question Answer % Correct
Bam Adebyo Scored __ Points To Pass Kobe Bryant In Second For All Time Scoring 83
100%
Who Did The Hawks Trade To Get Jonathan Kuminga And Buddy Heild Kristaps Porzingis
91%
Nikola Jokic Led The League Average In Which Two Categories Rebounds And Assists
85%
Who Had The Most Total Blocks This Season Victor Wembanyama
85%
Who Made The Most 3 Pointers This Season Kon Knueppel
65%
Who Had The Most Total Points This Season Luka Doncic
62%
Who Had The Most Total Assists This Season Nikola Jokic
62%
Who Won The All Star Game MVP Anthony Edwards
59%
Which Of These Lakers Players Had A Triple Double This Season Luke Kennard
44%
Which One Of These Players Made The All Star Game This Season De’Aaron Fox
41%
Who Had The Most Total Steals This Season Cason Wallace
38%
Which Two Teams Played In The First Game Of The Season Thunder And Rockets
38%
How Many Teams Did Dennis Schroder Play For This Season 2
35%
How Many Teams Did Not Make A Trade This Season 3
29%
Who Had The Most Total Rebounds This Season Donovan Clingan
12%
No matching quizzes found
Score Distribution
Percent of People with Each Score
Percentile by Number Answered
Your Score History
You have not taken this quiz